Betul ke ayang ni?

Bibliographic Details
Main Author: Nuratikah Ayuni
Format: Book
Published: Kuala Lumpur : Synergy Media
Series:Siri pasangan ideal
Subjects:

MARC

LEADER 00000cam a2200000 7i4500
001 0000028311
005 20091126.0
008 091126
020 |a 9831979617 
090 0 0 |a 305.4   |b NUR 
100 1 |a Nuratikah Ayuni 
245 1 0 |a Betul ke ayang ni?   |c Nuratikah Ayuni 
260 |a Kuala Lumpur :   |b Synergy Media 
440 |a Siri pasangan ideal 
650 0 |a Man-women relationships 
650 0 |a Woman 
650 0 |a Woman   |x attitudes 
999 |a 0001058237   |b Book   |c Adult Collection   |e Perbadanan Perpustakaan Awam Johor 
999 |a 0001058238   |b Book   |c Adult Collection   |e Cawangan Taman Sri Lambak 
999 |a 0001058239   |b Book   |c Adult Collection   |e Cawangan Tangkak 
999 |a 0001058240   |b Book   |c Adult Collection   |e Perbadanan Perpustakaan Awam Johor 
999 |a 0001138086   |b Book   |c Adult Collection   |e Cawangan Tangkak 
999 |a 0001138088   |b Book   |c Adult Collection   |e Cawangan Bandar Tenggara 
999 |a 0001138089   |b Book   |c Adult Collection   |e Cawangan Muar